000 00621cam a22002411 4500
001 sa 65004171
003 DLC
005 20260227112128.0
008 891005s1964 ii 000 0 gujo
010 _asa 65004171
025 _aPL480:I-Gu-413
035 _a(OCoLC)20443258
040 _aDLC
_cWaU
_dDLC
042 _apremarc
050 0 0 _aPK1852
_b.M3
100 1 _aMāṅkaḍa, Dolararāya Raṃ.
245 1 0 _aGujarātī kāvyaprakāro.
260 _c1964.
300 _a219 p.
_c19 cm.
440 0 _aThakkar Vassonji Madhavji lectures ;
_v1957-58
500 _aIn Gujarati.
650 0 _aGujarati poetry.
999 _c63587
_d63587